| 000 | 00995naa a22002897a 4500 | ||
|---|---|---|---|
| 001 | BR5600133 | ||
| 003 | BR-BrBNA | ||
| 005 | 20240918172836.0 | ||
| 007 | ta | ||
| 008 | 230509b bl.||||| |||| 00| 0 por d | ||
| 040 |
_aBR-BrBNA _bpor _cBiblioteca Nacional de Agricultura |
||
| 041 | _a(Pt) | ||
| 072 |
_aL73 _b5212 _b4110 |
||
| 090 | _aL73 BR5600133 | ||
| 100 | 1 | _aHipolito, O. | |
| 111 | 1 |
_a1. Simposium Brasileiro de Brucelose _cItaguai, RJ (Brazil) _d10 Dec 1956 |
|
| 245 | 1 | _aPadronizacao dos metodos de diagnostico da brucelose animal | |
| 260 | 3 |
_aItaguai, RJ (Brasil): _c1956. |
|
| 500 | _a1. simposium brasileiro de brucelose. Relatorio Itaguai, RJ (Brasil): 1956. p. 21-26 (BR5600133-AM)L73 | ||
| 650 | _aBOVINO | ||
| 650 | _aBRUCELOSE | ||
| 650 | _aDIAGNOSTICO | ||
| 650 | _aLABORATORIO | ||
| 773 | 0 |
_t1. simposium brasileiro de brucelose. Relatorio _wL73 BR5600133 _gItaguai, RJ (Brasil), 1956. p. 21-26 |
|
| 909 |
_a202404 _bLucia _c55 _dLucia Elande |
||
| 942 |
_cAM _2AGRIS |
||
| 999 |
_c301685 _d301685 |
||